07382cas a2200685 i 4500001001000000003000900010005001700019007000300036008004100039022001400080040003000094041000800124043000900132210001300141245012800154246005000282264007000332300005400402310001600456336002900472337003500501338003000536362004300566500006000609500006100669520038100730650007501111650005501186650008401241700005601325856003401381942001501415952022401430952022501654952022501879952022502104952021602329952021602545952022002761952022802981952022803209952022903437952022903666952022503895952022504120952022504345952022504570952023404795952023405029952023405263952022505497952013505722952013505857952013505992952013506127952013906262952013906401952013906540999001706679000043435DO-SdBNP20260313153253.0ta140317c2011 dr qr1p|r || |0spa d a2312-1041 aDO-SdBNPbspacBNPHUerda hspa anwdr0 aRD verde00aRD verde que te quiero verde :becología, medio ambiente, turismo interno / cGibel Orsini de Jiménez, director/editor.28aRD verdebecología, medio ambiente, turismo aSanto Domingo, República Dominicana :bAmigo del hogar, c2011. avolumen :bilustraciones, fotografías ;c28 cm. aTrimestral. atexto btxt 2rdacontent asin mediación bn 2rdamedia avolumen bnc 2rdacarrier1 aInicia con: Año.1. No.1. marzo 2011. aCatalogación basada en el: Año.1. No.1. marzo 2011. aEdición y dirección: 2013, Gibel Orsini de Jiménez aRD VERDE que te quiero VERDE es la revista dominicana especializada en ecología, medio ambiente y turismo sostenible. Tiene como objetivos principales promover la conservación ambiental de la República Dominicana, impulsar la sostenibilidad, estimular el turismo responsable y destacar la labor de personalidades y empresas con una trayectoria de responsabilidad social. 4aEcologíavPublicaciones periódicas zRepública Dominicana971106 4aMedio ambientevPublicaciones periódicas 971107 4aTurismo ecológicozRepública DominicanavPublicaciones periódicas 9711081 aOrsini de Jiménez, Gibeleeditoredirector97110940ahttp://rdverde.com/ediciones/ 2ddccISSUE 00102ddc4056708SEaPDbPDd2015-02-18hNo.2 (año 2013, mayo/julio)i201408302014083020150218l0p2026-2172r2020-08-08te.3w2020-08-08yISSUEzPerteneció a la biblioteca personal de Carlos Larrazábal Blanco. 00102ddc4056708SEaPDbPDd2014-03-19hNo.1 (Año 2011, enero/marzo)i201301302013013020140319l0p2026-2173r2020-08-08te.1w2020-08-08yISSUEzPerteneció a la biblioteca personal de Carlos Larrazábal Blanco. 00102ddc4056708SEaPDbPDd2014-03-19hNo.1 (año 2011, enero/marzo)i201301302013013020140319l0p2026-2174r2020-08-08te.2w2020-08-08yISSUEzPerteneció a la biblioteca personal de Carlos Larrazábal Blanco. 00102ddc4056708SEaPDbPDd2014-03-19hNo.1 (año 2011, enero/marzo)i201301302013013020140319l0p2026-2175r2020-08-08te.3w2020-08-08yISSUEzPerteneció a la biblioteca personal de Carlos Larrazábal Blanco. 00102ddc4056708SEaPDbPDd2015-02-18hNo.2 (año 2013, mayo/julio)i2014043020140430l0p2026-2176r2020-08-08te.1w2020-08-08yISSUEzPerteneció a la biblioteca personal de Carlos Larrazábal Blanco. 00102ddc4056708SEaPDbPDd2015-02-18hNo.2 (año 2013, mayo/julio)i2014073020140730l0p2026-2177r2020-08-08te.2w2020-08-08yISSUEzPerteneció a la biblioteca personal de Carlos Larrazábal Blanco. 00102ddc4056708SEaPDbPDd2015-02-18hNo.3 (año 2013, agosto/octubre)i2014103020141030l0p2026-2178r2020-08-08te.1w2020-08-08yISSUEzPerteneció a la biblioteca personal de Carlos Larrazábal Blanco. 00102ddc4056708SEaPDbPDd2014-03-19hNo.3 (año 2013, agosto/octubre)i201304302013043020140319l0p2026-2181r2020-08-08te.2w2020-08-08yISSUEzPerteneció a la biblioteca personal de Carlos Larrazábal Blanco. 00102ddc4056708SEaPDbPDd2014-03-19hNo.3 (año 2013, agosto/octubre)i201304302013043020140319l0p2026-2182r2020-08-08te.3w2020-08-08yISSUEzPerteneció a la biblioteca personal de Carlos Larrazábal Blanco. 00102ddc4056708SEaPDbPDd2014-03-19hNo.4 (año 2014, noviembre/enero)i201304302013043020140319l0p2026-2183r2020-08-08te.1w2020-08-08yISSUEzPerteneció a la biblioteca personal de Carlos Larrazábal Blanco. 00102ddc4056708SEaPDbPDd2014-03-19hNo.4 (año 2014, noviembre/enero)i201307302013073020140319l0p2026-2184r2020-08-08te.2w2020-08-08yISSUEzPerteneció a la biblioteca personal de Carlos Larrazábal Blanco. 00102ddc4056708SEaPDbPDd2014-03-19hNo.7 (año 2016, enero/junio)i201307302013073020140319l0p2026-2195r2020-08-08te.1w2020-08-08yISSUEzPerteneció a la biblioteca personal de Carlos Larrazábal Blanco. 00102ddc4056708SEaPDbPDd2014-03-19hNo.5 (año 2014, mayo/agosto)i201310302013103020140319l0p2026-2187r2020-08-08te.1w2020-08-08yISSUEzPerteneció a la biblioteca personal de Carlos Larrazábal Blanco. 00102ddc4056708SEaPDbPDd2014-03-19hNo.5 (año 2014, mayo/agosto)i201310302013103020140319l0p2026-2188r2020-08-08te.2w2020-08-08yISSUEzPerteneció a la biblioteca personal de Carlos Larrazábal Blanco. 00102ddc4056708SEaPDbPDd2014-03-19hNo.5 (año 2014, mayo/agosto)i201310302013103020140319l0p2026-2189r2020-08-08te.3w2020-08-08yISSUEzPerteneció a la biblioteca personal de Carlos Larrazábal Blanco. 00102ddc4056708SEaPDbPDd2015-02-18hNo.6 (año 2014, septiembre/diciembre)i201408302014083020150218l0p2026-2194r2020-08-08te.1w2020-08-08yISSUEzPerteneció a la biblioteca personal de Carlos Larrazábal Blanco. 00102ddc4056708SEaPDbPDd2015-02-18hNo.6 (año 2014, septiembre/diciembre)i201408302014083020150218l0p2026-2193r2020-08-08te.2w2020-08-08yISSUEzPerteneció a la biblioteca personal de Carlos Larrazábal Blanco. 00102ddc4056708SEaPDbPDd2014-03-19hNo.6 (año 2014, septiembre/diciembre)i201307302013073020140319l0p2026-2186r2020-08-08te.3w2020-08-08yISSUEzPerteneció a la biblioteca personal de Carlos Larrazábal Blanco. 00102ddc4056708SEaPDbPDd2015-02-18hNo.7 (año 2016, enero/junio)i201408302014083020150218l0p2026-2192r2020-08-08te.2w2020-08-08yISSUEzPerteneció a la biblioteca personal de Carlos Larrazábal Blanco. 00102ddc4056708SEaBNPHUbBNPHUd2026-03-13hNo.7 (año 2016, enero/junio)l0p2026-2196r2026-03-13te.3w2026-03-13yISSUE 00102ddc4056708SEaBNPHUbBNPHUd2026-03-13hNo.8 (año 2017, enero/junio)l0p2026-2197r2026-03-13te.1w2026-03-13yISSUE 00102ddc4056708SEaBNPHUbBNPHUd2026-03-13hNo.8 (año 2017, enero/junio)l0p2026-2198r2026-03-13te.2w2026-03-13yISSUE 00102ddc4056708SEaBNPHUbBNPHUd2026-03-13hNo.8 (año 2017, enero/junio)l0p2026-2199r2026-03-13te.3w2026-03-13yISSUE 00102ddc4056708SEaBNPHUbBNPHUd2026-03-13hNo.9 (año 2017, julio/diciembre)l0p2026-2200r2026-03-13te.1w2026-03-13yISSUE 00102ddc4056708SEaBNPHUbBNPHUd2026-03-13hNo.9 (año 2017, julio/diciembre)l0p2026-2201r2026-03-13te.2w2026-03-13yISSUE 00102ddc4056708SEaBNPHUbBNPHUd2026-03-13hNo.4 (año 2014, noviembre/enero)l0p2026-2202r2026-03-13te.3w2026-03-13yISSUE c42924d42924